Essentials of psychology in action / (Record no. 4524)

MARC details
000 -LEADER
fixed length control field 00849cac a22002291u 4500
090 ## - LOCALLY ASSIGNED LC-TYPE CALL NUMBER (OCLC); LOCAL CALL NUMBER (OCLC)
-- 4524
008 - FIXED-LENGTH DATA ELEMENTS--GENERAL INFORMATION
fixed length control field 081105t1995 xxu||||| |||| 00| 0 eng d
010 ## - LIBRARY OF CONGRESS CONTROL NUMBER
LC control number 94031037
020 ## - INTERNATIONAL STANDARD BOOK NUMBER
International Standard Book Number 0471058297 (pbk : alk. paper)
082 00 - DEWEY DECIMAL CLASSIFICATION NUMBER
Classification number 150
Item number H8895
100 ## - MAIN ENTRY--PERSONAL NAME
Personal name Huffman, Karen.
245 10 - TITLE STATEMENT
Title Essentials of psychology in action /
Statement of responsibility, etc Karen Huffman, Mark Vernoy, Judith Vernoy.
260 ## - PUBLICATION, DISTRIBUTION, ETC. (IMPRINT)
Place of publication, distribution, etc New York :
Name of publisher, distributor, etc Wiley,
Date of publication, distribution, etc c1995.
300 ## - PHYSICAL DESCRIPTION
Extent xxxi, 522, [80] p. :
Other physical details col. ill. ;
Dimensions 27 cm.
500 ## - GENERAL NOTE
General note Abridged ed. of: Psychology in action.
504 ## - BIBLIOGRAPHY, ETC. NOTE
Bibliography, etc Includes bibliographical references (p. [557-582] and indexes.
650 #0 - SUBJECT ADDED ENTRY--TOPICAL TERM
Topical term or geographic name as entry element Psychology.
700 1# - ADDED ENTRY--PERSONAL NAME
Personal name Vernoy, Mark W.
700 1# - ADDED ENTRY--PERSONAL NAME
Personal name Vernoy, Judith.
942 ## - ADDED ENTRY ELEMENTS (KOHA)
Item type Book - Borrowing
Call number prefix 150H8895
Source of classification or shelving scheme Dewey Decimal Classification
Holdings
Withdrawn status Item status Damaged status Not for loan Home library Current library Shelving location Date acquired Source of acquisition Total Checkouts Full call number Barcode Date last seen Date last borrowed Koha item type
        Central Library Central Library Lower Floor 07/09/2008 Purchase 1 150 HUF 000005396 15/07/2025 19/03/2016 Book - Borrowing